000 01526nam a2200373 a 4500
003 AR-BaBNM
005 20251128203859.0
008 082120s2002 ||||||||||||||000 | spa||
040 _cAR-BaBNM
100 1 _aGlasser, Joyce Fern
245 0 0 _aEl centro de estudio independiente en las escuelas primarias
250 _a1ª ed.
260 _aBuenos Aires
_bGuadalupe
_bCentro Regional de Ayuda Técnica. Agencia para el Desarrollo Internacional
_c1975
300 _a208 p.
_bdiagr., tablas
490 0 _aBiblioteca pedagógica. Problemática de la educación
_vV. 33
500 _aEsta obra refiere a la experiencia de los Centros de Aprendizaje del Distrito 59 de Elk Grove
500 _aEsta publicación ha sido preparada conjuntamente por la editorial y el Centro Regional de Ayuda Técnica, Agencia para el Desarrollo Internacional AID, Departamento de Estado del Gobierno de los Estados Unidos de América. El Centro es una organización dedi
504 _aBibliografía: p. 207-208
600 1 4 _aGrove, Elk
650 4 _aENSEÑANZA INDIVIDUALIZADA
650 4 _aMETODOS DE ENSEÑANZA
650 4 _aESTUDIO INDIVIDUAL
650 4 _aORGANIZACION ESCOLAR
650 4 _aEXPERIENCIA PEDAGOGICA
650 4 _aROL DEL DOCENTE
651 4 _aEstados Unidos
653 _aEXPERIENCIAS EDUCATIVAS
653 _aINNOVACIONES EDUCATIVAS
653 _aPROCESO DE ENSEÑANZA-APRENDIZAJE
700 1 _aNajlis, Elena
_etraductor
700 1 _aAlcalde, Ramón
_esupervisión
942 _cBK
998 _csilvi
999 _c5307
_d5307